000 01215cam a2200241 4500
001 ABS63772
008 000000n2001 000 0 eng u
035 _a(Sirsi) u111764
100 _aCreasey, S.
245 _aPower to the people
260 _c2001
490 _aProperty Week
_v66(13) 30 March 2001, 45-48(4)
520 _aSpecial feature on regeneration. Looks at the implications of the granting of 'third developer status' to community groups in the £1.5bn regeneration of the Elephant and Castle district of London. Describes reactions to this move, which establishes a three-way decision-making process and may lead to changes in the consultation process for other regeneration projects in London. Looks at the structure of the Elephant Links Partnership Board - the body set up to represent the local community during the consultation process. Describes the part played by the Community Forum, which has five votes on the Partnership Board.
590 _aABS
650 _aELEPHANT AND CASTLE
650 _aLONDON
650 _aCONSULTATION PROCESS
650 _aLOCAL COMMUNITY
650 _aDEVELOPER STATUS
650 _aURBAN REGENERATION
690 _aREGENERATION
942 _n0
999 _c66590
_d66590